000 00742nam a2200217Ia 4500
005 20220110191354.0
008 210716s2013 xx 000 0 und d
020 _a978-93-532-8735-I
040 _cAIMIT LIBRARY
041 _aeng
082 _a001.42
_24
_bCREJ
100 _aCreswell, John W.
_912828
245 _aResearch Design:
_bQualitative, Quantitative and Mixed Methods Approaches /
_cby John W. Creswell.
250 _a4th. ed . -
260 _aNew Delhi:
_bSage Publications,
_c2013.
300 _axviii,190,G-9,R-9,I-9p. ; 23.6 cm.
650 _aQuantitative Methods.
_912829
650 _aMixed Method Procedures.
_912830
650 _aStrategies and Ethical Considerations.
_912831
942 _2ddc
_cBK
_e4th
_k001.42 CREJ
999 _c211374
_d211374